000 00451nam a2200133 a 4500
008 120416s1968 ||||||||||||||||| || u
050 _aQL 47 Wei
100 _aWeisz, Paul B
245 1 0 _aElements of zoology
260 _aNew York
_bMcGraw-Hill
_c1968
300 _axvi, 486p. : ill.
350 _a0.00
995 _D0.00
_FCBU-MAIN LIBRARY (Kitwe)
_H1
_I12.00
_M1
_UDAMAGED
_ZMain Library Open Access Collection
999 _c41692
_d41692